Anime by Wikipedia Description - Statistics

General Stats
  • This quiz has been taken 105 times
  • The average score is 6 of 19
Answer Stats
Description Anime % Correct
Eiichiro Oda's interest in pirates began in his childhood, watching the animated series Vicky the Viking, which inspired him to want to draw a manga series about pirates. One Piece
88%
Saiki is a high school student who was born with various psychic powers, including psychokinesis and teleportation. He attempts to hide it from everyone at school. He is put in several seemingly normal scenarios in which he uses it to hide his special powers. The Disastrous Life of Saiki K.
70%
Darling in the Franxx takes place in a dystopian post-apocalyptic future where the remnants of human civilization have abandoned the surface. Adults and children exist in contrasting environments from each other. Darling in the Franxx
68%
Earth, known as the Dragon World (ドラゴンワールド) and designated as "Planet 4032-877" by the celestial hierarchy, is the main setting for the entire series, as well as related media. Dragon Ball
64%
2022 cyberpunk web anime series based on the video game Cyberpunk 2077 by CD Projekt Red. Cyberpunk: Edgerunners
56%
The comedic series revolves around the escapades of Haruhi Fujioka, a scholarship student at the prestigious Ouran Academy, an elite private school for rich kids located in Bunkyo, Tokyo. Ouran High School Host Club
48%
In an alternative timeline, the world is divided into three superpowers (similar to the world of Nineteen Eighty-Four by George Orwell): the Holy Britannian Empire (the Americas; also called Britannia), the Chinese Federation (Asia), and the Europa United (Europe and Africa). Code Geass
44%
Naofumi Iwatani, an easygoing Japanese youth, was summoned into a parallel world along with three other young Japanese men from parallel universes to become the world's Cardinal Heroes and fight inter-dimensional hordes of monsters called Waves. The Rising of the Shield Hero
38%
By February 2021, the manga had over 150 million copies in circulation, including digital versions, making it the ninth best-selling manga series of all time. Also, it was the best-selling manga in 2019 and 2020. Both the manga and its anime adaptation have received critical acclaim. Demon Slayer: Kimetsu no Yaiba
33%
Ryuji Takasu is frustrated at trying to look his best as he enters his second year of high school. Despite his gentle personality, his eyes give him the appearance of an intimidating delinquent. Toradora!
33%
In 2071, roughly fifty years after an accident with a hyperspace gateway which made Earth almost uninhabitable, humanity has colonized most of the rocky planets and moons of the Solar System. Amid a rising crime rate, the Inter Solar System Police (ISSP) set up a legalized contract system. Cowboy Bebop
26%
Set in a futuristic Japan governed by the Sibyl System (シビュラシステム, Shibyura Shisutemu), a powerful biomechatronic computer network which endlessly measures the biometrics of Japanese citizens' brains and mentalities using a "cymatic scan." Psycho-Pass
25%
In Season 5, the show mainly focuses on Retsuko being involved with the Japanese government with her running for a seat on the National Diet, along with Haida's life after quitting his office job and being evicted from his parents' apartment. Aggretsuko
9%
Set in mythical ancient Greece, the series revolves around Heron, the demigod son of Zeus, trying to save Olympus and Earth. Blood of Zeus
9%
The first season is a coming-of-age story and revolves around Naota Nandaba, a 12-year-old, working-class boy living with his widower father and grandfather. His life in the city of Mabase is interrupted by the arrival of a Vespa-riding maniac named Haruko Haruhara. FLCL
7%
The show revolves around "re-awakened Monster DNA called Monsuno" that finds its way into the unsuspecting hands of adventure-seeking teenagers Chase, Jinja, and Bren. Monsuno
7%
Divided into three story arcs: the "Student Council Saga" (episodes 1–12), the "Black Rose Saga" (episodes 13–24), and the "Apocalypse Saga" (episodes 25–39).[ Revolutionary Girl Utena
2%
In a world powered by advanced technology, crime and violence sweep through the archipelagic nation of Cremona (inspired by the real city of Cremona in Italy, and other cities of Lombardy such as Milan). B: The Beginning
1%
Takes place in the fictional town of Tomoeda, which is located somewhere near the Japanese capital of Tokyo. Cardcaptor Sakura
0%
No matching quizzes found
Score Distribution
Percent of People with Each Score
Percentile by Number Answered
Your Score History
You have not taken this quiz